Съзвездията - Statistics

General Stats
  • This quiz has been taken 172 times
  • The average score is 54 of 88
Answer Stats
Съзвездие % Correct
Голяма мечка
96%
Малка мечка
94%
Близнаци
93%
Риби
93%
Везни
91%
Дева
91%
Лъв
91%
Овен
91%
Водолей
90%
Рак
90%
Козирог
89%
Скорпион
89%
Стрелец
86%
Орион
83%
Бик
79%
Андромеда
76%
Змия
74%
Голямо куче
71%
Дракон
70%
Вълк
69%
Южен кръст
69%
Воловар
67%
Жираф
67%
Малко куче
67%
Жерав
66%
Заек
66%
Лебед
65%
Триъгълник
65%
Пегас
64%
Персей
64%
Цефей
64%
Корабни платна
63%
Косите на Вероника
63%
Змиеносец
62%
Кит
61%
Орел
60%
Секстант
60%
Херкулес
60%
Южна риба
60%
Касиопея
59%
Лира
58%
Северна корона
57%
Щит
57%
Южен триъгълник
57%
Южна корона
57%
Малка лисица
56%
Пещ
56%
Еридан
55%
Компас
55%
Феникс
55%
Ъгломер
55%
Водна змия
54%
Жребче
54%
Хидра
54%
Часовник
54%
Чаша
54%
Гарван
53%
Гущер
53%
Гълъб
52%
Муха
52%
Октант
52%
Паун
52%
Еднорог
51%
Кентавър
51%
Маса
51%
Микроскоп
51%
Стрела
51%
Телескоп
51%
Малък лъв
50%
Длето
49%
Жертвеник
49%
Живописец
49%
Златна рибка
49%
Индианец
49%
Ловджийски кучета
49%
Рис
49%
Хамелеон
49%
Летяща риба
47%
Кил
46%
Тукан
46%
Делфин
45%
Колар
44%
Мрежа
43%
Кърма
40%
Скулптор
40%
Пергел
39%
Помпа
38%
Райска птица
37%
No matching quizzes found
Score Distribution
Percent of People with Each Score
Percentile by Number Answered
Your Score History
You have not taken this quiz